Bob Dylan : (Record no. 3081)

MARC details
000 -LEADER
fixed length control field 01581nam a22002177a 4500
001 - CONTROL NUMBER
control field 3081
003 - CONTROL NUMBER IDENTIFIER
control field FISKH
005 - DATE AND TIME OF LATEST TRANSACTION
control field 20240205093541.0
008 - FIXED-LENGTH DATA ELEMENTS--GENERAL INFORMATION
fixed length control field 240205b cb ||||| |||| 00| 0 eng d
020 ## - INTERNATIONAL STANDARD BOOK NUMBER
International Standard Book Number 9780743244589
040 ## - CATALOGING SOURCE
Original cataloging agency FISKH
Language of cataloging eng
Transcribing agency FISKH
Modifying agency FISKH
050 ## - LIBRARY OF CONGRESS CALL NUMBER
Classification number ML420.D98
082 ## - DEWEY DECIMAL CLASSIFICATION NUMBER
Classification number 782.42164092
100 ## - MAIN ENTRY--PERSONAL NAME
Personal name Dylan, Bob
Dates associated with a name 1941-
245 ## - TITLE STATEMENT
Title Bob Dylan :
Remainder of title chronicles volume one
260 ## - PUBLICATION, DISTRIBUTION, ETC.
Place of publication, distribution, etc. Simon & Schuster paperback edition
Name of publisher, distributor, etc. Simon & Schuster,
Date of publication, distribution, etc. 2005
300 ## - PHYSICAL DESCRIPTION
Extent 293 pages :
Other physical details 21 cm
490 ## - SERIES STATEMENT
Series statement Chronicles
Volume/sequential designation Volume One
520 ## - SUMMARY, ETC.
Summary, etc. Through Dylan's eyes and open mind, we see Greenwich Village, circa 1961, when he first arrives in Manhattan. Dylan's New York is a magical city of possibilities -- smoky, nightlong parties; literary awakenings; transient loves and unbreakable friendships. Elegiac observations are punctuated by jabs of memories, penetrating and tough. With the book's side trips to New Orleans, Woodstock, Minnesota and points west, Chronicles: Volume One is an intimate and intensely personal recollection of extraordinary times. By turns revealing, poetical, passionate and witty, Chronicles: Volume One is a mesmerizing window on Bob Dylan's thoughts and influences. Dylan's voice is distinctively American: generous of spirit, engaged, fanciful and rhythmic. Utilizing his unparalleled gifts of storytelling and the exquisite expressiveness that are the hallmarks of his music, Bob Dylan turns Chronicles: Volume One into a poignant reflection on life, and the people and places that helped shape the man and the art.
942 ## - ADDED ENTRY ELEMENTS (KOHA)
Source of classification or shelving scheme Dewey Decimal Classification
Koha item type Books
Suppress in OPAC No
Holdings
Withdrawn status Lost status Source of classification or shelving scheme Damaged status Not for loan Collection Home library Current library Shelving location Date acquired Total Checkouts Full call number Barcode Date last seen Price effective from Koha item type
    Dewey Decimal Classification     Non-Fiction Footprints International School Library Network Toul Kork Campus Footprints International School Library Network Toul Kork Campus   02/05/2024   DYL 782.42164092 ML420.D98 2024-0074 02/05/2024 02/05/2024 Books